Maior país de cada letra - Statistics

Estatísticas Gerais
  • Esse quiz foi jogado 178 vezes
    168 desde o último reset
  • A pontuação média é 16 de 23
Estatísticas das Respostas
País Área (km²) % Correto
Brasil 8.510.000
99%
Canadá 9.985.000
98%
Rússia 17.100.000
95%
Dinamarca 42.952
94%
Estados Unidos 9.834.000
94%
Austrália 7.688.000
92%
Índia 3.287.000
86%
Zâmbia 752.614
81%
França 643.801
77%
México 1.973.000
73%
Japão 377.973
72%
Omã 309.501
69%
Quênia 582.646
65%
Kuwait 17.818
61%
Venezuela 916.445
59%
Líbia 1.760.000
57%
Hungria 93.026
54%
Níger 1.267.000
54%
Ucrânia 603.628
53%
Peru 1.285.000
51%
Gabão 267.668
43%
Sudão 1.886.000
43%
Tanzânia 945.087
38%
Nenhum quiz correspondente encontrado
Distribuição das Pontuações
Porcentagem de Pessoas com Cada Pontuação
Percentil de Números Respondidos
Sua Pontuação Histórica
Você não jogou esse quiz desde o último reset